000 00253nam a2200097Ia 4500
001 641688
005 20250826153512.0
008 250824s9999 xx 000 0 und d
245 0 _aSEFİLLER GENÇLİK KLASİKLERİ
_cVICTOR HUGO
260 _bTİMAŞ ÇOCUK
999 _c641688
_d641688